Sports Quiz

Random Sports or NBA Quiz

NBA Players A-Z Quiz Stats

 Plays Quiz not verified by Sporcle

Also try: NBA Turnovers
Challenge
Share
Tweet
Embed
Score 0/25 Timer 04:00
0 Plays Today
Letter Name % Correct
BKobe Bryant
95.5%
ACarmelo Anthony
91.9%
DTim Duncan
91.5%
NDirk Nowitzki
86%
PChris Paul
85.6%
HDwight Howard
84.9%
OShaquille O'Neal
84%
JMichael Jordan
82.5%
WDwyane Wade
82.1%
GPau Gasol
79.7%
RDavid Robinson
79.7%
IAllen Iverson
79.2%
SJohn Stockton
79.2%
Letter Name % Correct
MKarl Malone
77.5%
EPatrick Ewing
73.4%
CWilt Chamberlain
72.3%
KJason Kidd
71.7%
TIsiah Thomas
69.8%
LDavid Lee
53%
VAnderson Varejao
52.5%
UWes Unseld
50.8%
QChris Quinn
37.8%
FWalt Frazier
37.3%
ZWang Zhizhi
9.4%
YGeorge Yardley
8.9%

You're not logged in!

Compare scores with friends on all Sporcle quizzes.
Join for Free
OR
Log In

You Might Also Like...

Show Comments

Extras

Top Quizzes Today


Score Distribution

Your Account Isn't Verified!

In order to create a playlist on Sporcle, you need to verify the email address you used during registration. Go to your Sporcle Settings to finish the process.

Report this User

Report this user for behavior that violates our Community Guidelines.

Details: